000 00806pam a2200253 a 4500
999 _c329419
_d329419
001 2333476
003 Nust
005 20170505122039.0
008 821022s1983 maua 001 0 eng
010 _a 82021481
020 _a0871503417
040 _aDLC
_cDLC
_dDLC
050 0 0 _aQA303
_b.S94 1983
082 0 0 _a515.15 SWO
_219
100 1 _aSwokowski, Earl William,
_d1926-
_959
245 1 0 _aCalculus with analytic geometry /
_cEarl W. Swokowski.
250 _aAlternate ed.
260 _aBoston, Mass. :
_bPrindle, Weber & Schmidt,
_cc1983.
300 _ax, 934, 63 p. :
_bill. (some col.) ;
_c27 cm.
500 _aIncludes index.
501 _aH.B
650 0 _aCalculus.
_956
650 0 _aGeometry, Analytic.
_957
906 _a7
_bcbc
_corignew
_d1
_eocip
_f19
_gy-gencatlg
942 _2ddc
_cBK
_k515.15 SWO